000 00599nam a22001817a 4500
005 20251108164951.0
008 250721s2010 xx 000 0 ara d
082 1 4 _a658.403/عوض
100 1 _aعوض، مراد كمال
_eمؤلف
245 1 0 _aالأساليب الكمية في إتخاذ القرارات الإدارية ( بحوث العمليات ) /
264 1 _aعمان :
_bدار البداية،
_c2010.
300 _a195ص.
650 1 7 _aبحوث العمليات
650 1 7 _aاتخاذ القرارات
650 1 7 _aالمعلومات
942 _2ddc
_cBK
999 _c18616
_d18616